Scottish property review (Record no. 110658)

MARC details
000 -LEADER
fixed length control field 00892cad a22002415a 4500
001 - CONTROL NUMBER
control field E149876
008 - FIXED-LENGTH DATA ELEMENTS--GENERAL INFORMATION
fixed length control field 100511s2010 stk df s 000 0 eng u
035 ## - SYSTEM CONTROL NUMBER
System control number (Sirsi) u149876
041 ## - LANGUAGE CODE
Language code of text/sound track or separate title eng
050 04 - LIBRARY OF CONGRESS CALL NUMBER
Classification number 333.33 $2 18
110 2# - MAIN ENTRY--CORPORATE NAME
Corporate name or jurisdiction name as entry element Ryden
9 (RLIN) 2067
245 00 - TITLE STATEMENT
Title Scottish property review
Remainder of title April 2010
Medium [electronic resource]
250 ## - EDITION STATEMENT
Edition statement 66th ed.
260 ## - PUBLICATION, DISTRIBUTION, ETC.
Place of publication, distribution, etc. Edinburgh
Name of publisher, distributor, etc. Ryden
Date of publication, distribution, etc. 2010
300 ## - PHYSICAL DESCRIPTION
Extent 16p.
Other physical details ill.
Dimensions 30cm.
490 #0 - SERIES STATEMENT
Series statement Scottish Property Review
Volume/sequential designation (66) April 2010
520 ## - SUMMARY, ETC.
Summary, etc. Includes information on the economy and planning, as well as details of the investment market and retail, office and industrial property.
590 ## - LOCAL NOTE (RLIN)
Local note KA
651 #4 - SUBJECT ADDED ENTRY--GEOGRAPHIC NAME
Geographic name Scotland
Chronological subdivision 1999-
690 ## - LOCAL SUBJECT ADDED ENTRY--TOPICAL TERM (OCLC, RLIN)
Topical term or geographic name as entry element PROPERTY-COMMERCIAL PROPERTY-COMMERCIAL PROPERTY MARKET
856 41 - ELECTRONIC LOCATION AND ACCESS
Uniform Resource Identifier <a href="https://www.ryden.co.uk/News/scottishPropertyReview.php">https://www.ryden.co.uk/News/scottishPropertyReview.php</a>
Public note View the report free of charge at www.ryden.co.uk...
942 ## - ADDED ENTRY ELEMENTS (KOHA)
Suppress in OPAC 0
Holdings
Withdrawn status Lost status Source of classification or shelving scheme Damaged status Not for loan Home library Current library Shelving location Date acquired Total Checkouts Full call number Barcode Date last seen Copy number Price effective from Koha item type
    Dewey Decimal Classification     Virtual Virtual Online 11/05/2010   ONLINE PUBLICATION 149876-3001 06/08/2019 1 06/08/2019 Book